Arancia meccanica /

Gorde:
Xehetasun bibliografikoak
Beste egile batzuk: Burgess, Anthony, Kubrick, Stanley, Magee, Patrick, Corri, Adrienne, McDowell, Malcolm
Formatua: Diapositiba
Hizkuntza:italiera
Argitaratua: Roma : L'U multimedia, 1998
Saila:Il grande cinema di Stanley Kubrick
Etiketak: Etiketa erantsi
Etiketarik gabe, Izan zaitez lehena erregistro honi etiketa jartzen!

MARC

LEADER 00000ngm a22000007i 4500
001 IT\ICCU\REA\0045037
003 ItRI
005 20260124182857.0
008 990313s1998 it |||||||||||||||k|||||c
040 |b ita 
041 7 |a ita  |2 ISO-639-2 
130 2 |a A Clockwork Orange <film ; 1971>  |3 IT\ICCU\PUV\0925942 
245 0 0 |a Arancia meccanica /  |c un film di Stanley Kubrick ; sceneggiatura di Stanley Kubrick ; tratto dal romanzo di Anthony Burgess ; prodotto e diretto da Stanley Kubrick. 
260 |a Roma :  |b L'U multimedia,  |c 1998 
300 |a 1 videocassetta (VHS) (133 min.) :  |b color., son 
500 |a Tit. del contenitore 
500 |a Interpreti: Malcom McDowell, Patrick Magee, Adrienne Corri 
500 |a Produzione: USA, 1971 
500 |a Vietato ai minori di 18 anni 
500 |a Pubblicato e distribuito su autorizzazione di: Warner home video 
500 |a Suppl. a: L'Unità. 
700 1 |a Burgess, Anthony  |0 IT\ICCU\CFIV\004486 
700 1 |a Kubrick, Stanley  |0 IT\ICCU\CFIV\082388 
700 1 |a Magee, Patrick  |0 IT\ICCU\RAVV\088758 
700 1 |a Corri, Adrienne  |0 IT\ICCU\RAVV\088759 
700 1 |a McDowell, Malcolm  |0 IT\ICCU\RAVV\088763 
790 1 |a Wilson, John Anthony Burgess  |3 IT\ICCU\CFIV\004607  |z Burgess, Anthony 
790 1 |a Wilson, John Burgess  |3 IT\ICCU\SBNV\094953  |z Burgess, Anthony 
790 1 |a Kell, Joseph  |3 IT\ICCU\SBNV\094954  |z Burgess, Anthony 
830 3 |a Il grande cinema di Stanley Kubrick  |0 IT\ICCU\UBO\1958523 
942 |2 ddc  |c VM  |n 0 
952 |0 0  |1 0  |4 0  |6 VO_826_000000000000000  |7 0  |9 27432  |a BO  |b BO  |d 2026-01-24  |i 7788  |l 0  |o VO 826  |p BO7788  |r 2026-01-24 18:28:57  |w 2026-01-24  |x [Sebina 5] [1 videocassetta]  |y VM  |z 1 videocassetta 
999 |c 23232  |d 23232